[Event "IV Campeonato de EspaÃ±a de Ajedrez por Equipos de
[Site "Gran Hotel Bali, Benidorm"]
[Date "2011.12.09"]
[Round "4"]
[Board "4"]
[White "Jimenez Vado, Yvan"]
[Black "Pordomingo Sedano, Diego"]
[Result "0-1"]
[WhiteElo "1676"]
[BlackElo "1625"]
[PlyCount "0"]
[EventDate "2011.12.07"]
[EventType "team"]
[EventRounds "6"]
[EventCountry "ESP"]
[WhiteTeam "C.A. LA BALANGUERA"]
[BlackTeam "CLUB AJEDREZ SOLVAY"]

1. d4 Nf6 2. Nf3 g6 3. g3 Bg7 4. Bg2 O-O 5. c4 d6 6. Nc3 Nbd7 7. e4 e5 8. d5
Nc5 9. Qc2 a5 10. O-O Nh5 11. Be3 Nd7 12. a3 f5 13. b4 Ndf6 14. c5 Nxe4 15.
Nxe4 fxe4 16. Nd2 Nf6 17. Nxe4 Nxe4 18. Bxe4 Bh3 19. Rfc1 Bf5 20. Rab1 axb4 21.
axb4 Bxe4 22. Qxe4 Qf6 23. Rc2 Qf5 24. Qxf5 gxf5 25. Bg5 h6 26. Be3 f4 27. Bd2
fxg3 28. hxg3 h5 29. Bg5 Bf6 30. Bxf6 Rxf6 31. cxd6 cxd6 32. Rc7 Rf7 33. Rbc1
Raf8 34. Rxf7 Rxf7 35. Rc8+ Rf8 36. Rxf8+ Kxf8 37. Kh2 Kg7 38. Kh3 Kg6 39. g4
Kg5 40. gxh5 Kxh5 41. b5 b6 42. Kg3 Kg5 43. Kf3 Kf5 44. Ke3 e4 45. Kd4 Kf4 46.
Kc3 Ke5 47. Kc4 Kf4 48. Kc3 e3 49. fxe3+ Kxe3 50. Kb4 Kd4 51. Kb3 Kxd5 52. Kb4
Kd4 53. Kb3 Kc5 54. Ka4 Kc4 55. Ka3 Kc3 56. Ka2 d5 57. Kb1 Kd2 58. Kb2 d4 59.
Kb3 Ke2 60. Kc4 d3 61. Kd5 d2 62. Kc6 d1=Q 63. Kxb6 Qd8+ 64. Ka7 Qc7+ 65. Ka8
Qa5+ 0-1

[Event "IV Campeonato de EspaÃ±a de Ajedrez por Equipos de
[Site "Gran Hotel Bali, Benidorm"]
[Date "2011.12.09"]
[Round "4"]
[Board "2"]
[White "Nortes Hernandez, Pedro"]
[Black "Abal Cores, Lucas"]
[Result "0-1"]
[WhiteElo "2070"]
[BlackElo "1901"]
[PlyCount "0"]
[EventDate "2011.12.07"]
[EventType "team"]
[EventRounds "6"]
[EventCountry "ESP"]
[WhiteTeam "C.C. AJEDREZ CAJACANARIAS"]
[BlackTeam "C.X.F. VIAJES INTERRIAS SANXENXO"]

1. e4 e5 2. Bc4 Nf6 3. d3 Nc6 4. Nf3 Bc5 5. c3 O-O 6. Nbd2 Re8 7. Bb3 h6 8. h3
Bb6 9. Nf1 d5 10. Qe2 Be6 11. Bc2 Qd6 12. Ng3 Rad8 13. O-O d4 14. c4 Nb4 15.
Ba4 Bd7 16. Bxd7 Qxd7 17. a3 Na6 18. b4 c5 19. b5 Nb8 20. Nh4 Qe6 21. Nhf5 Nbd7
22. Qd2 Rf8 23. Nxg7 Kxg7 24. Qxh6+ Kg8 25. Nf5 Ne8 26. Qg5+ Kh8 27. Qh4+ Kg8
28. Ne7+ Qxe7 29. Qxe7 Nef6 30. Bg5 Rfe8 31. Qd6 Re6 32. Qxe6 fxe6 33. Bd2 Rf8
34. g3 Nh5 35. Kg2 Rf7 36. a4 Bd8 37. Rg1 Nf8 38. Kf1 Ng6 39. Ke2 Kh7 40. Raf1
Be7 41. h4 Bd8 42. f4 exf4 43. g4 f3+ 44. Rxf3 Nhf4+ 45. Kd1 e5 46. g5 Kg7 47.
Rh1 Nh5 48. Rhf1 Rxf3 49. Rxf3 Ngf4 50. Ke1 Bc7 51. a5 Kg6 52. b6 axb6 53. axb6
Bxb6 54. Kd1 Bc7 55. Kc2 Ng7 56. Rf1 Kh5 57. Rb1 b6 58. Ra1 Kxh4 59. Ra7 Bd8
60. Kb3 Nfe6 61. Rb7 Kg4 62. Rf7 Bxg5 63. Bxg5 Kxg5 64. Rb7 Kf4 65. Rxb6 Ke3
66. Kc2 Nf4 67. Rb5 Nge6 68. Rb6 Ng5 69. Rb5 Nf3 70. Rxc5 Ne1+ 71. Kb3 Nexd3
72. Ra5 Ne6 73. Ka4 Ndc5+ 74. Kb5 Kxe4 75. Kc6 d3 76. Ra2 Kd4 77. Kd6 e4 0-1

[Event "IV Campeonato de EspaÃ±a de Ajedrez por Equipos de
[Site "Gran Hotel Bali, Benidorm"]
[Date "2011.12.09"]
[Round "4"]
[Board "3"]
[White "Suarez Gomez, Julio"]
[Black "Perez Barreto, Adrian"]
[Result "1-0"]
[WhiteElo "1876"]
[BlackElo "1940"]
[PlyCount "0"]
[EventDate "2011.12.07"]
[EventType "team"]
[EventRounds "6"]
[EventCountry "ESP"]
[WhiteTeam "C.X.F. VIAJES INTERRIAS SANXENXO"]
[BlackTeam "C.C. AJEDREZ CAJACANARIAS"]

1. e4 c5 2. d3 e6 3. g3 d5 4. e5 Nc6 5. f4 Nge7 6. Bg2 Nf5 7. Nf3 Be7 8. c3 Qc7
9. Na3 h5 10. Qe2 Nh6 11. Be3 a6 12. h3 Bd7 13. Nc2 O-O-O 14. d4 Nf5 15. Bf2
cxd4 16. Ncxd4 Ncxd4 17. Nxd4 Nxd4 18. Bxd4 Kb8 19. h4 g6 20. Qc2 Rc8 21. Qb3
Bb5 22. Bf1 Bxf1 23. Rxf1 Bd8 24. Qb4 Be7 25. Qb3 Qc4 26. Qxc4 Rxc4 27. Ke2
Rhc8 28. Rfd1 b5 29. a3 Kc7 30. b4 Kd7 31. a4 Bd8 32. axb5 axb5 33. Ra7+ R8c7
34. Rda1 Rxa7 35. Rxa7+ Rc7 36. Ra2 Rb7 37. Ra6 Bc7 38. Kd3 Rb8 39. Bc5 Kc8 40.
Kd4 Kb7 41. Ra7+ 1-0

[Event "IV Campeonato de EspaÃ±a de Ajedrez por Equipos de
[Site "Gran Hotel Bali, Benidorm"]
[Date "2011.12.09"]
[Round "4"]
[Board "4"]
[White "Laino Alvarez, Marcos"]
[Black "Varela Fernandez, Andres"]
[Result "0-1"]
[WhiteElo "1902"]
[BlackElo "1723"]
[PlyCount "0"]
[EventDate "2011.12.07"]
[EventType "team"]
[EventRounds "6"]
[EventCountry "ESP"]
[WhiteTeam "C.C. AJEDREZ CAJACANARIAS"]
[BlackTeam "C.X.F. VIAJES INTERRIAS SANXENXO"]

1. Nf3 d5 2. d4 Nf6 3. c4 e6 4. Nc3 Nbd7 5. cxd5 exd5 6. Bg5 Be7 7. e3 c6 8.
Bd3 Ne4 9. Bxe7 Qxe7 10. O-O O-O 11. Qc2 Re8 12. Rfe1 g6 13. a3 a5 14. Rac1
Ndf6 15. Ne5 Ng4 16. Nxg4 Bxg4 17. f3 Nxc3 18. Qxc3 Be6 19. Qb3 Qg5 20. Rc5 Re7
21. Qc3 Bd7 22. Qd2 Rae8 23. f4 Qf6 24. Bf1 Re4 25. Rxa5 Qe7 26. Ra7 Bf5 27. g3
c5 28. Bb5 Rc8 29. Bd3 Re6 30. Bxf5 gxf5 31. Ra5 b6 32. Rb5 Qd7 33. a4 Ra8 34.
dxc5 Rxa4 35. Rxb6 Rxb6 36. cxb6 Qb5 37. Kg2 Qxb6 38. Rb1 Qe6 39. b4 Qe4+ 0-1